00398 a2200121 4500001001000000005001700010008004100027245006100068100003300129700002500162773007200187999001700259ART_4068720260410161952.0260409a 10aNuevas herramientas para acceder al crédito. Ley 272641 aBarreira Delfino, Eduardo A.1 aCamerini, Marcelo A.0 tTemas de derecho comercialg- Año 2, Nº 11 (nov. 2016)wREV28151 c30491d30491